=LDR 00000nam 2200000 4500 =001 000421 =005 20250710034332 =035 ##$$a 0010-0725000283 =007 ta =008 250710################a##########0#ind## =020 ##$$a 978-623-472-295-6 =082 ##$$a 398.209 598 =084 ##$$a 398.209 598 SID b =100 #$$a Sidavone, Sinthanou =245 1#$$a Burung-Burung Bounthy yang Bernyanyi /$c Sinthanou Sidavone =250 ##$$a Cetakan Pertama =260 ##$$a Jakarta Timur :$b Badan Pengembangan dan Pembinaan Usaha,$c 2024 =300 ##$$a 22 hlm. : $b ilus. ; $c 22,9 cm =650 #4$$a Cerita Anak Indonesia-Terjemahan =650 #4$$a Literasi-Bahan Bacaan =856 ##$$a TBM As Suhada =990 ##$$a TBM01440144